000 00544nam a2200157 4500
001 114020
003 ES-MaACL
007 t|
008 061121s1920 xxk r ||||1| eng d
100 1 _aNorth, Barker.
_986004
245 1 0 _aChemistry for textile students
_b: a manual suitable for technical students in the textile and dyeing industries /
_cBarker North ; assisted by Norman Bland.
260 _aCambridge :
_bUniversity Press,
_c1920.
300 _aVIII, 379 p. ;
_c23 cm.
700 1 _aBland, Norman.
_929315
852 _aES-MaACL
_jB-2308
999 _c114020
_d114020